000 00927nam a2200265 i 4500
001 192047
003 SpMaBN
005 20240209063128.0
008 221102s2021 sp a | |||| 000 f spa
017 _aM 9624-2021
_bOficina Depósito Legal Madrid
020 _a9788477316602
040 _aSpMaBN
_bspa
_cSpMaBN
_erda
080 _a821.134.2-31"19"
100 1 _aMartínez Sánchez, María José,
_d1939-
_eaut
_9155341
245 1 0 _aMemorias de un telegrafista en Madrid /
_cMaría José Martínez Sánchez.
264 1 _aMadrid :
_bEndymion,
_c[2021]
300 _a520 páginas :
_bilustraciones (blanco y negro) ;
_c24 cm
500 _aÍndice
504 _aBibliografía: páginas 517-520
655 7 _9235110
_aNovelas de costumbres
852 4 _aES-MaACL
_jN-8220
_cDEPOJ
_hDonación: Editorial
_9199329
942 _cMONOGRAFIA
_n0
999 _c192047
_d192047